• 首页
  • 本馆介绍
  • 公告通知
  • 最新文献
  • 馆藏检索
  • 电子资源
  • 读者导购
  • 参考咨询
  • 我的图书馆
  • 登录
  • 详细信息显示
  • 放入我的书架
  • 预约/预借图书
  • 作者相关作品
  • 分类相关作品
  • 丛书相关作品
  • 出版社相关作品

书目信息

  • 表格格式
  • 工作单格式
  • 卡片格式
题名:
二手车鉴定与评估
    
 
作者: 孙剑菁 主编
分册:  
出版信息: 北京   清华大学出版社  2015.09
页数: 149页
开本: 26cm
丛书名:
单 册:
中图分类: U472.9 , F766
科图分类:
主题词: 汽车--教材--高等职业教育--鉴定 , 汽车--教材--高等职业教育--价格评估
电子资源:
ISBN: 978-7-302-40529-0
000 00994nam0 2200265 450
001 74
005 20160906091733.09
010    @a978-7-302-40529-0@dCNY32.00
100    @a20150911d2015 em y0chiy0110 ea
101 0  @achi
102    @aCN@b110000
105    @aa z 000yy
200 1  @a二手车鉴定与评估@9er shou che jian ding yu ping gu@b专著@f孙剑菁主编
210    @a北京@c清华大学出版社@d2015.09
215    @a149页@c图@d26cm
300    @a职业教育汽车类专业规划教材
330    @a本书共分四个模块,分别介绍了国内、外二手车市场概述,汽车基础知识,二手车鉴定及评估和二手车网络电商的发展。重点介绍了二手车鉴定与评估的相关知识,力求客观反映出目前国内二手车市场的实际状况及运作模式。
333    @a本书适用于全国职业教育汽车类专业师生
606 0  @a汽车@j教材@x高等职业教育@x鉴定
606 0  @a汽车@j教材@x高等职业教育@x价格评估
690    @aU472.9@v5
690    @aF766@v5
701  0 @a孙剑菁@9sun jian jing@4主编
801  0 @aCN@b唐山师范学院图书馆@c20160721
905    @aZUCC@dU472.9@e301
    
    二手车鉴定与评估/孙剑菁主编.-北京:清华大学出版社,2015.09
    149页:图;26cm
    职业教育汽车类专业规划教材.-使用对象:本书适用于全国职业教育汽车类专业师生
    
    ISBN 978-7-302-40529-0:CNY32.00
    本书共分四个模块,分别介绍了国内、外二手车市场概述,汽车基础知识,二手车鉴定及评估和二手车网络电商的发展。重点介绍了二手车鉴定与评估的相关知识,力求客观反映出目前国内二手车市场的实际状况及运作模式。
●
相关链接 在E读中查询图书 在五车中查询图书 在当当中查询图书 在豆瓣中查询图书


正题名:二手车鉴定与评估     索取号:U472.9/301         预约/预借

序号 登录号 条形码 馆藏地/架位号 状态 备注
1 900305   209003059   第二样本阅览室/ [索取号:U472.9/301] 在馆    
2 900306   209003068   第三借阅区/ [索取号:U472.9/301] 在馆    
3 900307   209003077   密集书库-物理学院/ [索取号:U472.9/301] 在馆    
唐山师范学院图书馆 欢迎您!
大连网信软件有限公司© 版权所有